Central Library OPAC University of Rajshahi

The early development of Mohammedanism : (Record no. 37797)

MARC details
000 -LEADER
fixed length control field 00884nam a2200241 a 4500
001 - CONTROL NUMBER
control field 37797
003 - CONTROL NUMBER IDENTIFIER
rucl marc code BD-RjUL
005 - DATE AND TIME OF LATEST TRANSACTION
control field 20211209052646.0
008 - FIXED-LENGTH DATA ELEMENTS--GENERAL INFORMATION
fixed length control field 181002s1914 enk 000 0 eng d
035 ## - SYSTEM CONTROL NUMBER
System control number (BD-RjUL)37902
040 ## - CATALOGING SOURCE
Original cataloging agency Univ. of Calif
Transcribing agency OUN
Modifying agency NJB
-- BD-RjUL
Language of cataloging eng
041 ## - LANGUAGE CODE
Language code of text/sound track or separate title eng
082 ## - DEWEY DECIMAL CLASSIFICATION NUMBER
Edition number 23
Classification number 297
Author mark and year MAE 1914
100 1# - MAIN ENTRY--PERSONAL NAME
Personal name Margoliouth, D. S.
Fuller form of name (David Samuel),
Dates associated with a name 1858-1940.
9 (RLIN) 223185
245 14 - TITLE STATEMENT
Title The early development of Mohammedanism :
Remainder of title Lectures delivered in the University of London, May and June, 1913 /
Statement of responsibility, etc. by D. S. Margoliouth.
260 ## - PUBLICATION, DISTRIBUTION, ETC. (IMPRINT)
Place of publication, distribution, etc. London :
Name of publisher, distributor, etc. Williams and Norgate,
Date of publication, distribution, etc. 1914.
300 ## - PHYSICAL DESCRIPTION
Pagination ix, 265 p ;
Size 22 cm.
490 ## - SERIES STATEMENT
Series statement Hibbert lectures (London, England) ;
Volume/sequential designation 2nd series
600 00 - SUBJECT ADDED ENTRY--PERSONAL NAME
Personal name Muḥammad,
Titles and other words associated with a name Prophet,
Dates associated with a name -632.
650 #0 - SUBJECT ADDED ENTRY--TOPICAL TERM
Topical term or geographic name as entry element Islam
General subdivision History.
9 (RLIN) 223187
830 #0 - SERIES ADDED ENTRY--UNIFORM TITLE
Uniform title Hibbert lectures (London, England) ;
Volume number/sequential designation 2nd series
942 ## - ADDED ENTRY ELEMENTS (KOHA)
Source of classification or shelving scheme Dewey Decimal Classification
Koha item type Rare Books
Holdings
Lost status Source of classification or shelving scheme Damaged status Not for loan Collection code Permanent Location Current Location Shelving location Date acquired Source of acquisition Total Checkouts Full call number Date last seen Copy number Koha item type
  Dewey Decimal Classification   Not For Loan Rare Books Central Library, University of Rajshahi Central Library, University of Rajshahi Rare Book Section 03/12/1966 A. I. Qureshi   RA 297 MAE 1914 02/10/2018 C-1 Rare Books